| 000 | 00358nam a2200133Ia 4500 | ||
|---|---|---|---|
| 008 | 240624s9999 xx 000 0 und d | ||
| 041 | _aeng | ||
| 082 | _a006.3 PAD | ||
| 100 | _aPADHY N P | ||
| 245 | _aARTIFICIAL INTELLIGENCE AND INTELLIGENT | ||
| 260 |
_c2005 _aNew Delhi _bOxford University press |
||
| 300 | _axvii, : 614 : p. : cm. ; 23 | ||
| 365 |
_cRS _b30 |
||
| 999 |
_c5670 _d5670 |
||